000 01589nam a2200265Ia 4500
999 _c50619
_d50619
001 17569
003 GE_BSU
005 20200220102639.0
008 181216s2015ge xx |||||||||||||| ||geo||
020 _a9789941462191
040 _cGE_BSU
041 _ageo
080 _a34.01 გ-69
100 _aგორგოშაძე, მურმან.
_97189
245 _aსამართლის ფილოსოფიის საგანი, სისტემა, ფუნქციები /
_cსარედ.კოლ: ადამ მახარაძე ; მურმან გორგოშაძე ; ომარ მახარაძე ; და სხვ.
264 _aბათუმი :
_bშოთა რუსთაველის უნიტის გამ-ბა,
_c2015.
300 _a30 გვ;
_c20 სმ.
440 _aსაგანმანათლებლო სერია- სამართალმცოდნეობის სპეციალობის სტუდენტის ბიბლიოთეკა №9
_97190
653 _aსამართლი
653 _aსამართლის ფილოსოფიის საგანი
700 _aმახარაძე, ადამ
_eსარედაქციო კოლეგია
_95625
700 _aგორგოშაძე, მურმან
_eსარედაქციო კოლეგია
_97189
700 _aმახარაძე, ომარ
_eსარედაქციო კოლეგია
_9244
942 _cBK
_2udc